La Celestina : tragicomedia de Calisto y Melibea : tomo segundo /

Pieza central de la literatura española anterior al Siglo de Oro, La Celestina apareció por vez primera en 1499 -con posibilidades de que hubiesen existido versiones anteriores- y gozó de inmediato de una gran popularidad, como muestra su temprana traducción al italiano en 1506 y posteriores version...

Ausführliche Beschreibung

Gespeichert in:
Bibliographische Detailangaben
1. Verfasser: Rojas, Fernando de (autor)
Format: Buch
Sprache:Spanisch
Ausgabe:Nueva ed.
Schriftenreihe:(Biblioteca Universal. Los Mejores Autores Antiguos y Modernos, Nacionales y Extranjeros ; 3)
Schlagworte:
Tags: Tag hinzufügen
Keine Tags, Fügen Sie das erste Tag hinzu!

MARC

LEADER 00000nam^a2200000^a^4500
001 000365958
005 20250526000000.0
009 20260310115659.586
037 |a Acervo ITESO - Biblioteca 
041 |a ESP 
082 |a 808. 8  |b BIB V. 3 
100 |a Rojas, Fernando de  |e (autor) 
240 1 5 |a [Los mejores autores antiguos y modernos, nacionales y extranjeros] 
240 1 4 |a [La Celestina] 
245 1 3 |a La Celestina :  |b tragicomedia de Calisto y Melibea : tomo segundo /  |c F. de Rojas. 
250 |a Nueva ed. 
264 |a Madrid, España :  |b Perlado, Páez y Compañía,  |c 1919 
300 |a 169 p. ;  |c 14.0 cm. 
336 |a texto  |b txt  |2 rdacontenido 
337 |a sin mediación  |b n  |2 rdamedio 
338 |a volumen  |b nc  |2 rdasoporte 
440 1 |a (Biblioteca Universal.  |p Los Mejores Autores Antiguos y Modernos, Nacionales y Extranjeros ;  |v 3) 
520 |a Pieza central de la literatura española anterior al Siglo de Oro, La Celestina apareció por vez primera en 1499 -con posibilidades de que hubiesen existido versiones anteriores- y gozó de inmediato de una gran popularidad, como muestra su temprana traducción al italiano en 1506 y posteriores versiones de la época en francés, inglés, alemán, latín, flamenco y hebreo. Fernando de Rojas, autor de la mayor parte de la obra, era un judío converso establecido en la localidad toledana de Talavera hacia 1517 y fallecido en 1541. A pesar de las dificultades que ha debido atravesar en diversos períodos de la historia -como a finales del siglo XIX, cuando se le calificaba como una obra muy inmoral- La Celestina se ha consolidado como un clásico indiscutible de las letras castellanas. 
649 |a XX 
650 |a Tragicomedia Española 
650 |a Comedia Española 
650 |a Teatro Español 
650 |a Literatura Medieval -  |z España 
650 |a Literatura Española -  |y Siglo XV 
650 |a Literatura Española -  |y Hasta 1500 
910 |a Fondo General 
920 |a Impresos - Libros 
930 |a Libros Antiguos y Raros 
940 |a Literatura 
905 |a 108 
901 |a 0500260082  |b IT2  |c LRA  |i D74717  |u 20250526 
902 |a https://opac.biblio.iteso.mx/vufind/Record/000365958